00517nam a2200157Ia 450000500170000000800410001704100080005808200160006610000270008224500190010926000410012830000090016965000310017899900190020995201310022820250729165748.0250729s2003 xx 000 0 und d aeng a001.51 RENW aRenuka Ambiger9232359 aWeb Technology aGadagbEasrtern Book Promotersc2003 a292p aComputer Education9232360 c239743d239743 00104070aALbALd2025-07-29eManagement Bookg150.00l0o001.51 RENWpBED05062r2025-07-29 16:57:48v150.00w2025-07-29yBK